Los coloquios /
Gorde:
| Egile nagusia: | |
|---|---|
| Beste egile batzuk: | |
| Formatua: | Baliabide elektronikoa eBook |
| Hizkuntza: | gaztelania italiera |
| Argitaratua: |
Madrid :
Visor Libros,
[2014]
|
| Edizioa: | Edición bilingüe. |
| Saila: | Colección Visor de poesía ;
v. 883. |
| Gaiak: | |
| Sarrera elektronikoa: | Digitalia Hispánica |
| Etiketak: |
Etiketa erantsi
Etiketarik gabe, Izan zaitez lehena erregistro honi etiketa jartzen!
|
MARC
| LEADER | 00000nam a2200000Ii 4500 | ||
|---|---|---|---|
| 001 | DIGVISR0431 | ||
| 003 | NyNyDIG | ||
| 007 | cr ||||||||||| | ||
| 008 | 210705s2014 sp o 000 p spa d | ||
| 006 | m o d | ||
| 035 | |a (OCoLC)1268922836 | ||
| 040 | |a DGITA |b eng |e rda |e pn |c DGITA | ||
| 020 | |z 9788498958836 | ||
| 041 | 1 | |a spa |a ita |h ita | |
| 050 | 1 | 4 | |a PQ4817.O9 ebook |
| 082 | 1 | 4 | |a 851.912 |
| 100 | 1 | |a Gozzano, Guido, |d 1883-1916, |e author. | |
| 245 | 1 | 4 | |a Los coloquios / |c Guido Gozzano ; traducción, introducción y notas de José Muñoz Rivas. |
| 250 | |a Edición bilingüe. | ||
| 264 | 1 | |a Madrid : |b Visor Libros, |c [2014] | |
| 300 | |a 1 online resource. | ||
| 336 | |a text |b txt |2 rdacontent | ||
| 337 | |a computer |b c |2 rdamedia | ||
| 338 | |a online resource |b cr |2 rdacarrier | ||
| 347 | |a text file |2 rdaft | ||
| 347 | |b PDF | ||
| 490 | 1 | |a Volumen DCCCLXXXIII de la Colección Visor de poesía | |
| 546 | |a Text in Spanish and Italian. | ||
| 588 | 0 | |a Online resource; title from PDF title page (Digitalia, viewed July 5, 2021) | |
| 655 | 7 | |a Poetry. |2 lcgft | |
| 655 | 0 | |a Electronic books. | |
| 700 | 1 | |a Muñoz Rivas, José, |d 1963- |e translator. | |
| 700 | 1 | 2 | |i Container of (work): |a Gozzano, Guido, |d 1883-1916. |t Colloqui. |
| 700 | 1 | 2 | |i Container of (expression): |a Gozzano, Guido, |d 1883-1916. |t Colloqui. |l Spanish. |
| 791 | 2 | |a Digitalia (Firm), |e distributor. | |
| 793 | 0 | |g Digitalia eBook Collection: |a Visor Libros | |
| 776 | 0 | 8 | |i Print version: |a Gozzano, Guido, 1883-1916. |t Coloquios. |b Edición bilingüe. |d Madrid : Visor Libros, [2014] |z 9788498958836 |
| 830 | 0 | |a Colección Visor de poesía ; |v v. 883. | |
| 856 | 4 | 0 | |3 Digitalia Hispánica |u https://digitalia.unach.elogim.com/a/41562/ |
| 910 | |a Premium collection: 2021 | ||